000 00448nam a2200133Ia 4500
008 260210s9999 xx 000 0 und d
024 _a16B-151-EL, 16B-196-EL & 16B-196-EL
082 _a629.276 QAZ
100 _aRameez Ahmed Qazi, Wahaj Ahmed & Mohid iqbal Ahmed
245 0 _aCollision avoidance system for UAVs
260 _aKarachi:
_bUITU,
_c2016
600 _aTelecommunication Engineering
650 _aBachelor of Engineering (BE)
999 _c33614
_d33614